Effective Business Communication (Record no. 330279)
[ view plain ]
| 000 -LEADER | |
|---|---|
| fixed length control field | 01153nam a22002537a 4500 |
| 003 - CONTROL NUMBER IDENTIFIER | |
| control field | Nust |
| 005 - DATE AND TIME OF LATEST TRANSACTION | |
| control field | 20180125094222.0 |
| 008 - FIXED-LENGTH DATA ELEMENTS--GENERAL INFORMATION | |
| fixed length control field | 170113b xxu||||| |||| 00| 0 eng d |
| 020 ## - INTERNATIONAL STANDARD BOOK NUMBER | |
| International Standard Book Number | 9780070187757 |
| 040 ## - CATALOGING SOURCE | |
| Transcribing agency | .0 |
| 082 ## - DEWEY DECIMAL CLASSIFICATION NUMBER | |
| Classification number | 651.7 MUR |
| 100 ## - MAIN ENTRY--PERSONAL NAME | |
| Personal name | Murphy,Herta A. |
| 9 (RLIN) | 2784 |
| 245 ## - TITLE STATEMENT | |
| Title | Effective Business Communication |
| Statement of responsibility, etc. | Herta A Murphy |
| 250 ## - EDITION STATEMENT | |
| Edition statement | 7th ed. |
| 260 ## - PUBLICATION, DISTRIBUTION, ETC. | |
| Place of publication, distribution, etc. | New Delhi: |
| Name of publisher, distributor, etc. | McGraw-Hil; |
| Date of publication, distribution, etc. | 1997. |
| 300 ## - PHYSICAL DESCRIPTION | |
| Extent | 619p:, |
| Other physical details | 24 cm. |
| 500 ## - GENERAL NOTE | |
| General note | paperback. |
| 942 ## - ADDED ENTRY ELEMENTS (KOHA) | |
| Koha item type | Reference |
| Source of classification or shelving scheme | |
| Call number prefix | IESE |
| Withdrawn status | Lost status | Source of classification or shelving scheme | Damaged status | Not for loan | Collection code | Permanent Location | Current Location | Shelving location | Date acquired | Total Checkouts | Full call number | Barcode | Date last seen | Price effective from | Koha item type | Total Renewals |
|---|---|---|---|---|---|---|---|---|---|---|---|---|---|---|---|---|
| Central Library (CL) | Central Library (CL) | Text Books | 07/18/2017 | 651.7 MUR | IESE-2563 | 03/12/2025 | 07/18/2017 | Book | 3 | |||||||
| Institute of Environmental Science and Engineering (IESE) | Institute of Environmental Science and Engineering (IESE) | Text Books | 06/16/2017 | 651.7 MUR | IESE-2564 | 06/16/2017 | 06/16/2017 | Text Books | ||||||||
| Institute of Environmental Science and Engineering (IESE) | Institute of Environmental Science and Engineering (IESE) | Text Books | 06/16/2017 | 651.7 MUR | IESE-2557 | 06/16/2017 | 06/16/2017 | Text Books | ||||||||
| Institute of Environmental Science and Engineering (IESE) | Institute of Environmental Science and Engineering (IESE) | Text Books | 06/19/2017 | 651.7 MUR | IESE-2562 | 06/19/2017 | 06/19/2017 | Text Books | ||||||||
| Institute of Environmental Science and Engineering (IESE) | Institute of Environmental Science and Engineering (IESE) | Text Books | 07/18/2017 | 651.7 MUR | IESE-2559 | 07/18/2017 | 07/18/2017 | Text Books | ||||||||
| Institute of Environmental Science and Engineering (IESE) | Institute of Environmental Science and Engineering (IESE) | Text Books | 08/08/2017 | 651.7 MUR | IESE-2556 | 08/08/2017 | 08/08/2017 | Text Books | ||||||||
| Institute of Environmental Science and Engineering (IESE) | Institute of Environmental Science and Engineering (IESE) | Reference | 12/08/2017 | 651.7 MUR | IESE-2555 | 12/08/2017 | 12/08/2017 | Reference | ||||||||
| Institute of Environmental Science and Engineering (IESE) | Institute of Environmental Science and Engineering (IESE) | Text Books | 12/13/2017 | 651.7 MUR | IESE-2558 | 12/13/2017 | 12/13/2017 | Text Books | ||||||||
| Institute of Environmental Science and Engineering (IESE) | Institute of Environmental Science and Engineering (IESE) | Text Books | 12/13/2017 | 651.7 MUR | IESE-2560 | 12/13/2017 | 12/13/2017 | Text Books | ||||||||
| Institute of Environmental Science and Engineering (IESE) | Institute of Environmental Science and Engineering (IESE) | Text Books | 12/13/2017 | 651.7 MUR | IESE-2561 | 12/13/2017 | 12/13/2017 | Text Books |
